000 00576nam a2200181Ia 4500
999 _c7734
_d7734
003 OSt
005 20200201104119.0
008 190216s9999||||xx |||||||||||||| ||und||
020 _a9788120332447
040 _coclc
082 _a658.401
_bGUP/B
100 _aGupta, Vipin
_91494
245 0 _aBusiness Policy And Strategic Management Concepts & Applications /
_cVipin Gupta ; Kamala Gollakota ; R Srinivasan
250 _a2nd ed.
260 _bPHI Learning,
_c2009.
_aNew Delhi:
300 _a572p
942 _cBK
_2ddc
_h658.401
_iGUP/B
_k658.401
_mGUP/B